|
|
|
|
| LEADER |
00000cam a22000004a 4500 |
| 001 |
musev2_97665 |
| 003 |
MdBmJHUP |
| 005 |
20230905053247.0 |
| 006 |
m o d |
| 007 |
cr||||||||nn|n |
| 008 |
211009s2022 nbu o 00 0 eng d |
| 010 |
|
|
|z 2021037006
|
| 020 |
|
|
|a 9781496231086
|
| 020 |
|
|
|z 9781496226853
|
| 035 |
|
|
|a (OCoLC)1290479025
|
| 040 |
|
|
|a MdBmJHUP
|c MdBmJHUP
|
| 100 |
1 |
|
|a Hill, Jennifer J.,
|e author.
|
| 245 |
1 |
0 |
|a Birthing the West :
|b Mothers and Midwives in the Rockies and Plains /
|c Jennifer J. Hill.
|
| 264 |
|
1 |
|a Lincoln :
|b University of Nebraska Press,
|c [2022]
|
| 264 |
|
3 |
|a Baltimore, Md. :
|b Project MUSE,
|c 2022
|
| 264 |
|
4 |
|c ©[2022]
|
| 300 |
|
|
|a 1 online resource (320 pages).
|
| 336 |
|
|
|a text
|b txt
|2 rdacontent
|
| 337 |
|
|
|a computer
|b c
|2 rdamedia
|
| 338 |
|
|
|a online resource
|b cr
|2 rdacarrier
|
| 505 |
0 |
|
|a Birth in the big open -- The expertise of women -- Midwives among us -- The practice of birth -- Death in the West -- Birth goes public -- Maternity homes and motherhood -- Conclusion: What we lost.
|
| 520 |
|
|
|a "Birthing the West: Mothers and Midwives in the Rockies and Plains shows how women and mothers constructed citizens, and how public health entities usurped that role, with varied long-term impacts on women, men, families, community, and American identity"--
|c Provided by publisher.
|
| 588 |
|
|
|a Description based on print version record.
|
| 650 |
|
7 |
|a Pregnant women
|x Health and hygiene.
|2 fast
|0 (OCoLC)fst01075208
|
| 650 |
|
7 |
|a Pregnancy.
|2 fast
|0 (OCoLC)fst01075102
|
| 650 |
|
7 |
|a Motherhood.
|2 fast
|0 (OCoLC)fst01026907
|
| 650 |
|
7 |
|a Midwives.
|2 fast
|0 (OCoLC)fst01020625
|
| 650 |
|
7 |
|a Childbirth.
|2 fast
|0 (OCoLC)fst00854780
|
| 650 |
|
7 |
|a SOCIAL SCIENCE / Women's Studies.
|2 bisacsh
|
| 650 |
|
7 |
|a HISTORY / United States / State & Local / Midwest (IA, IL, IN, KS, MI, MN, MO, ND, NE, OH, SD, WI)
|2 bisacsh
|
| 650 |
|
0 |
|a Midwives
|z West (U.S.)
|x History.
|
| 650 |
|
0 |
|a Motherhood
|z West (U.S.)
|x History.
|
| 650 |
|
0 |
|a Pregnant women
|x Health and hygiene
|z West (U.S.)
|x History.
|
| 650 |
|
0 |
|a Pregnancy
|z West (U.S.)
|x History.
|
| 650 |
|
0 |
|a Childbirth
|z West (U.S.)
|x History.
|
| 651 |
|
7 |
|a West United States.
|2 fast
|0 (OCoLC)fst01243255
|
| 655 |
|
7 |
|a History.
|2 fast
|0 (OCoLC)fst01411628
|
| 655 |
|
7 |
|a Electronic books.
|2 local
|
| 710 |
2 |
|
|a Project Muse.
|e distributor
|
| 830 |
|
0 |
|a Book collections on Project MUSE.
|
| 856 |
4 |
0 |
|z Texto completo
|u https://projectmuse.uam.elogim.com/book/97665/
|
| 945 |
|
|
|a Project MUSE - Custom Collection
|
| 945 |
|
|
|a Project MUSE - 2022 US Regional Studies, West
|
| 945 |
|
|
|a Project MUSE - 2022 Complete
|